00781nam a2200217Ii 45000010005000000030009000050080041000140200015000550400033000700410008001030820016001112450052001272640081001793000012002603360026002723370028002983380027003269400050003539990017004039520143004201433CO-ViMGA241108s9999||||xx |||||||||||||| ||und|| a9687926368 aCO-ViMGAbspaerdacCO-ViMGA0 aspa04aR 036.1 M1210aMaestro, mi compañero escolar :bEnciclopedia 1a[Lugar de publicación no identificado] : Alba Americana de Ediciones, 2003 avolumen atextbtxt2rdacontent aunmediatedbn2rdamedia avolumebnc2rdacarrier aidficha_siabuc: 1405. -- ficha_no_siabuc:1433 c49641d49641 001040708014aMEVIGERRbMEVIGERRcREFd2004-08-25hVol.1oR 036.1 M12pECA16517r2024-11-26 09:51:17tEj.1w2024-11-26yBKz1405 | 1679